| 000 -LEADER |
| fixed length control field |
01658cam a2200457Ia 4500 |
| 001 - CONTROL NUMBER |
| control field |
8559137 |
| 003 - CONTROL NUMBER IDENTIFIER |
| control field |
USPCAS-E |
| 005 - DATE AND TIME OF LATEST TRANSACTION |
| control field |
20180118181411.0 |
| 006 - FIXED-LENGTH DATA ELEMENTS--ADDITIONAL MATERIAL CHARACTERISTICS |
| fixed length control field |
m d |
| 007 - PHYSICAL DESCRIPTION FIXED FIELD--GENERAL INFORMATION |
| fixed length control field |
cr n |
| 008 - FIXED-LENGTH DATA ELEMENTS--GENERAL INFORMATION |
| fixed length control field |
080714s2009 flu s 000 0 eng d |
| 020 ## - INTERNATIONAL STANDARD BOOK NUMBER |
| International Standard Book Number |
1420095218 |
| 020 ## - INTERNATIONAL STANDARD BOOK NUMBER |
| International Standard Book Number |
9781420095210 |
| 035 ## - SYSTEM CONTROL NUMBER |
| System control number |
(WaSeSS)ssj0000445575 |
| 040 ## - CATALOGING SOURCE |
| Original cataloging agency |
CaPaEBR |
| Transcribing agency |
CaPaEBR |
| Modifying agency |
WaSeSS |
| 050 #4 - LIBRARY OF CONGRESS CALL NUMBER |
| Classification number |
TJ260 |
| Item number |
.A2443 2009eb |
| 050 #4 - LIBRARY OF CONGRESS CALL NUMBER |
| Classification number |
QC320 |
| 082 ## - DEWEY DECIMAL CLASSIFICATION NUMBER |
| Classification number |
621.4022 |
| Author Mark |
ADV 2009 |
| 210 10 - ABBREVIATED TITLE |
| Abbreviated title |
Advances in numerical heat transfer. |
| 245 00 - TITLE STATEMENT |
| Title |
Advances in numerical heat transfer. |
| Number of part/section of a work |
Volume 3 |
| Medium |
[electronic resource] / |
| Statement of responsibility, etc. |
edited by W.J. Minkowycz, E.M. Sparrow ; guest editor, J.P. Abraham. |
| 260 ## - PUBLICATION, DISTRIBUTION, ETC. |
| Place of publication, distribution, etc. |
Boca Raton : |
| Name of publisher, distributor, etc. |
CRC Press/Taylor & Francis, |
| Date of publication, distribution, etc. |
c2009. |
| 490 1# - SERIES STATEMENT |
| Series statement |
Advances in numerical heat transfer ; |
| Volume/sequential designation |
v. 3 |
| 502 ## - DISSERTATION NOTE |
| Dissertation note |
0 |
| 506 ## - RESTRICTIONS ON ACCESS NOTE |
| Terms governing access |
License restrictions may limit access. |
| 650 #0 - SUBJECT ADDED ENTRY--TOPICAL TERM |
| Topical term or geographic name entry element |
Fluid mechanics. |
| 650 #0 - SUBJECT ADDED ENTRY--TOPICAL TERM |
| Topical term or geographic name entry element |
Heat |
| General subdivision |
Transmission |
| -- |
Mathematical models. |
| 650 #0 - SUBJECT ADDED ENTRY--TOPICAL TERM |
| Topical term or geographic name entry element |
Numerical analysis. |
| 655 #7 - INDEX TERM--GENRE/FORM |
| Genre/form data or focus term |
Electronic books. |
| Source of term |
local |
| 700 1# - ADDED ENTRY--PERSONAL NAME |
| Personal name |
Abraham, J. P. |
| 700 1# - ADDED ENTRY--PERSONAL NAME |
| Personal name |
Minkowycz, W. J. |
| 700 1# - ADDED ENTRY--PERSONAL NAME |
| Personal name |
Sparrow, E. M. |
| Fuller form of name |
(Ephraim M.) |
| 710 2# - ADDED ENTRY--CORPORATE NAME |
| Corporate name or jurisdiction name as entry element |
ebrary, Inc. |
| 730 0# - ADDED ENTRY--UNIFORM TITLE |
| Uniform title |
ENGnetBASE. |
| 773 #0 - HOST ITEM ENTRY |
| Title |
ENGnetBASE |
| 773 #0 - HOST ITEM ENTRY |
| Title |
MECHANICALENGINEERINGnetBASE |
| 830 #0 - SERIES ADDED ENTRY--UNIFORM TITLE |
| Uniform title |
Advances in numerical heat transfer ; |
| Volume/sequential designation |
v. 3. |
| 856 40 - ELECTRONIC LOCATION AND ACCESS |
| Uniform Resource Identifier |
<a href="http://www.columbia.edu/cgi-bin/cul/resolve?clio8559137.001">http://www.columbia.edu/cgi-bin/cul/resolve?clio8559137.001</a> |
| Public note |
Full text available from ENGnetBASE |
| 856 40 - ELECTRONIC LOCATION AND ACCESS |
| Uniform Resource Identifier |
<a href="http://www.columbia.edu/cgi-bin/cul/resolve?clio8559137.002">http://www.columbia.edu/cgi-bin/cul/resolve?clio8559137.002</a> |
| Public note |
Full text available from MECHANICALENGINEERINGnetBASE |
| 910 ## - USER-OPTION DATA (OCLC) |
| User-option data |
Vendor-generated brief record |
| 942 ## - ADDED ENTRY ELEMENTS (KOHA) |
| Source of classification or shelving scheme |
|
| Koha item type |
Book |